| 000 | 00635nam a2200205 i 4500 | ||
|---|---|---|---|
| 001 | 86991 | ||
| 003 | ES-MaACL | ||
| 005 | 20230906175551.0 | ||
| 007 | t| | ||
| 008 | 041217s1961 sp ||||1| spa d | ||
| 100 | 1 |
_aKlockmann, F. _968283 |
|
| 245 | 1 | 0 |
_aTratado de mineralogía / _cF. Klockmann, P. Randohz ; versión del alemán por Francisco Pardillo. |
| 250 | _a2ª ed. amp. | ||
| 260 |
_aBarcelona : _bGustavo Gili, _c1961. |
||
| 300 |
_a736 p. : _bil. ; _c25 cm. |
||
| 650 | 0 | 0 |
_aMineralogía. _915053 |
| 700 | 1 |
_aRandohz, P. _995410 |
|
| 700 | 1 |
_aPardillo Vázquez, Francisco. _988953 |
|
| 852 |
_aES-MaACL _jA-3957 _bR.48112 |
||
| 999 |
_c86991 _d86991 |
||